Universities in the neoliberal era : academic cultures and critical perspectives /

Bibliographic Details
Corporate Author: ProQuest (Firm)
Other Authors: Ergül, Hakan, 1972- (Editor), Coşar, Simten (Editor)
Format: eBook
Language:English
Published: London : Palgrave Macmillan, 2017.
Series:Palgrave critical university studies.
Subjects:
Online Access:Connect to the full text of this electronic book

MARC

Tag First Indicator Second Indicator Subfields
LEADER 00000cam a2200000Ii 4500
001 in00003869737
006 m o d
007 cr cnu---unuuu
008 170406s2017 enk ob 001 0 eng d
005 20250816204113.3
020 |a 9781137552129  |q (electronic bk.) 
020 |a 1137552123  |q (electronic bk.) 
020 |z 9781137552112 
020 |z 1137552115 
024 8 |a 40027051922 
035 |a (NhCcYBP)ebc4836575 
040 |a NhCcYBP  |c NhCcYBP  |d UtOrBLW 
050 4 |a LB2322.2  |b .U55 2017 
072 7 |a EDU  |x 015000  |2 bisacsh 
082 0 4 |a 378.001  |2 23 
245 0 0 |a Universities in the neoliberal era :  |b academic cultures and critical perspectives /  |c Hakan Ergül, Simten Coşar, editors. 
264 1 |a London :  |b Palgrave Macmillan,  |c 2017. 
300 |a 1 online resource. 
336 |a text  |b txt  |2 rdacontent 
337 |a computer  |b c  |2 rdamedia 
338 |a online resource  |b cr  |2 rdacarrier 
490 1 |a Palgrave critical university studies 
588 0 |a Online resource; title from PDF title page (EBSCO, viewed April 10, 2017) 
504 |a Includes bibliographical references and index. 
500 |a Electronic resource. 
650 0 |a Education, Higher  |x Aims and objectives.  |0 http://id.loc.gov/authorities/subjects/sh85041068 
650 0 |a Universities and colleges  |x Philosophy. 
655 7 |a Electronic books.  |2 local 
700 1 |a Ergül, Hakan,  |d 1972-  |e editor.  |0 http://id.loc.gov/authorities/names/no2013101320 
700 1 |a Coşar, Simten,  |e editor.  |0 http://id.loc.gov/authorities/names/no2012110917 
710 2 |a ProQuest (Firm)  |0 http://id.loc.gov/authorities/names/n2007068018 
830 0 |a Palgrave critical university studies.  |0 http://id.loc.gov/authorities/names/no2016081203 
856 4 0 |u https://ebookcentral.proquest.com/lib/tamucs/detail.action?docID=4836575  |y Connect to the full text of this electronic book  |t 0 
945 |a machinegen 
955 |a YBP purchased approval e-records 
980 |b 238.00  |g 1 
987 |a ybp13960426 
999 f f |s 1d9c577a-1ff2-3e9e-9c7d-c8ec0f2f165e  |i a8081424-999f-3847-973f-a35a93bbd661  |t 0 
952 f f |a Texas A&M University  |b College Station  |c Electronic Resources  |d Available Online  |t 0  |e LB2322.2 .U55 2017  |h Library of Congress classification 
998 f f |a LB2322.2 .U55 2017  |t 0  |l Available Online